| 000 | 00605nam a2200181Ia 4500 | ||
|---|---|---|---|
| 008 | 100920s9999 xx 000 0 und d | ||
| 082 |
_b61204 _a539 थ 88 |
||
| 100 | _aदत्ता दिलीप. | ||
| 245 | _aकॉप्यूटर /गणकयंत्र. | ||
| 260 |
_bअक्षय्य साहित्य, पुणे. _c1988 |
||
| 300 |
_a36 _bसाधी |
||
| 365 | _b12 | ||
| 520 | _aशाआ. | ||
| 630 | _aकॉप्यूटर /गणकयंत्र. | ||
| 650 | _aशाआ. | ||
| 730 | _aकॉप्यूटर /गणकयंत्र. | ||
| 942 | _cBOOK | ||
| 999 |
_c704434 _d704431 |
||